Introduction to the practice of statistics / (Record no. 1210)
[ view plain ]
| 000 -LEADER | |
|---|---|
| fixed length control field | 02161cam a2200505Ia 4500 |
| 003 - CONTROL NUMBER IDENTIFIER | |
| control field | OSt |
| 005 - DATE AND TIME OF LATEST TRANSACTION | |
| control field | 20210624094002.0 |
| 008 - FIXED-LENGTH DATA ELEMENTS--GENERAL INFORMATION | |
| fixed length control field | 050503s2006 nyua f b 001 0 eng d |
| 020 ## - INTERNATIONAL STANDARD BOOK NUMBER | |
| International Standard Book Number | 0716764008 |
| 029 1# - OTHER SYSTEM CONTROL NUMBER (OCLC) | |
| OCLC library identifier | NLGGC |
| System control number | 268530912 |
| 040 ## - CATALOGING SOURCE | |
| Transcribing agency | BGU |
| 049 ## - LOCAL HOLDINGS (OCLC) | |
| Holding library | MYGG |
| 050 ## - LIBRARY OF CONGRESS CALL NUMBER | |
| Classification number | QA276.12 |
| Item number | .M65 2006 |
| 084 ## - OTHER CLASSIFICATION NUMBER | |
| Classification number | 31.73 |
| Number source | bcl |
| 096 ## - LOCALLY ASSIGNED NLM-TYPE CALL NUMBER (OCLC) | |
| Classification number | QA 276 |
| Item number | M66i 2006 |
| 100 1# - MAIN ENTRY--PERSONAL NAME | |
| Personal name | Moore, David S. |
| 245 10 - TITLE STATEMENT | |
| Title | Introduction to the practice of statistics / |
| Statement of responsibility, etc. | David S. Moore, George P. McCabe. |
| 250 ## - EDITION STATEMENT | |
| Edition statement | 5th ed. |
| 260 ## - PUBLICATION, DISTRIBUTION, ETC. | |
| Place of publication, distribution, etc. | New York : |
| Name of publisher, distributor, etc. | W.H. Freeman and Co., |
| Date of publication, distribution, etc. | c2006. |
| 300 ## - PHYSICAL DESCRIPTION | |
| Extent | 1 v. (various pagings) : |
| Other physical details | ill. ; |
| Dimensions | 26 cm. + |
| Accompanying material | 1 CD-ROM (4 3/4 in.) |
| 336 ## - CONTENT TYPE | |
| Content type term | text |
| Content type code | txt |
| Source | rdacontent |
| 337 ## - MEDIA TYPE | |
| Media type term | unspecified |
| Media type code | z |
| Source | rdamedia |
| 338 ## - CARRIER TYPE | |
| Carrier type term | unspecified |
| Carrier type code | zu |
| Source | rdacarrier |
| 500 ## - GENERAL NOTE | |
| General note | "Student CD-ROM"--CD-ROM label. |
| 504 ## - BIBLIOGRAPHY, ETC. NOTE | |
| Bibliography, etc. note | Includes bibliographical references and index. |
| 650 #0 - SUBJECT ADDED ENTRY--TOPICAL TERM | |
| Topical term or geographic name entry element | Mathematical statistics. |
| 700 1# - ADDED ENTRY--PERSONAL NAME | |
| Personal name | McCabe, George P. |
| 910 ## - USER-OPTION DATA (OCLC) | |
| User-option data | mjy061002 |
| 910 ## - USER-OPTION DATA (OCLC) | |
| User-option data | MARCIVEAUT |
| 910 ## - USER-OPTION DATA (OCLC) | |
| User-option data | mjy061002 |
| 910 ## - USER-OPTION DATA (OCLC) | |
| User-option data | depgy-nooclc210609 |
| 942 ## - ADDED ENTRY ELEMENTS (KOHA) | |
| Source of classification or shelving scheme | |
| Koha item type | Book |
| Suppress in OPAC | JE |
| 946 ## - LOCAL PROCESSING INFORMATION (OCLC) | |
| m | unpiggy-tang |
| 949 ## - LOCAL PROCESSING INFORMATION (OCLC) | |
| p | 39080022551359 |
| 949 ## - LOCAL PROCESSING INFORMATION (OCLC) | |
| p | 39080022551342 |
| 949 #0 - LOCAL PROCESSING INFORMATION (OCLC) | |
| 4 | IP |
| a | d |
| b | DEW |
| c | STACK |
| o | 0 |
| p | 39080022551342 |
| x | 01 |
| h | QA276.12.M65 2006 |
| 949 #0 - LOCAL PROCESSING INFORMATION (OCLC) | |
| 4 | IP |
| a | d-cdrom |
| b | DEW |
| c | RESDK |
| k | CDROM |
| o | 0 |
| p | 39080022551359 |
| v | CDROM |
| x | 01 |
| h | QA276.12.M65 2006 |
| Withdrawn status | Lost status | Source of classification or shelving scheme | Damaged status | Not for loan | Permanent Location | Current Location | Shelving location | Date acquired | Total Checkouts | Full call number | Barcode | Date last seen | Date last checked out | Price effective from | Koha item type | Public note |
|---|---|---|---|---|---|---|---|---|---|---|---|---|---|---|---|---|
| AU LIBRARY | AU LIBRARY | Open Shelf | 24.06.2021 | 1 | QA276.12 .M65 2006 | 28002935 | 30.01.2023 | 17.01.2023 | 24.06.2021 | Book | JE |